000 00794cam a22002411 4500
001 he 68003901
003 DLC
005 20260227111507.0
008 870529r19661934is 000 0 heb
010 _ahe 68003901
035 _a(OCoLC)15749565
040 _aDLC
_cTxU
_dTxU
_dDLC
042 _apremarc
050 0 0 _aBM658.2
_b.G76 1966
100 1 _aGros, Meïr,
_d-1945.
245 1 0 _aSefer Imre lev;
_casafti ve-kibatsti ve-ḥibartim ... Meʼir Gros. Ḥelek 1. Kevutsat dinim be-dine sheliaḥ tsibur ve-hanhagato.
260 _aMishkolts,
_bbi-defus shel B. Friedman,
_c695 [1934 or 5]
300 _a46 l.
_c23 cm.
500 _aPhoto-offset (Yesodot, Y. Gros, 626 [1966]) with new preface.
500 _aNo more published.
650 0 _aCantors (Judaism)
740 0 _aImre lev.
999 _c34011
_d34011